000 00282nam a22001337a 4500
008 170922b xxu||||| |||| 00| 0 eng d
020 _a2900199767822
041 _aeng
080 _a37
100 _a46
101 _aEDU
245 _aSERVICE-LEARNING
_cLIMA, M
942 _2udc
_cBK
999 _c28988
_d28988